[Event "84th ESP-ch 2019"]
[Site "Marbella"]
[Date "2019.11.23"]
[Round "8.13"]
[White "Huerga Leache, Mikel"]
[Black "Jimenez Ruano, Adrian"]
[Result "1-0"]
[WhiteElo "2456"]
[BlackElo "2269"]
[Annotator "ChessBase"]
[PlyCount "115"]
[EventDate "2019.11.16"]
[EventType "swiss"]
[EventCountry "ESP"]
[SourceTitle "playchess.com"]
[Source "ChessBase"]
[SourceQuality "1"]
[TimeControl "5400+30"]

1. Nf3 {[%emt 0:00:41]} Nf6 {[%emt 0:00:00]} 2. c4 {[%emt 0:00:09]} e6 {[%emt 0:00:00]} 3. d4 {[%emt 0:00:14]} d5 {[%emt 0:00:00]} 4. g3 {[%emt 0:00:07]} Be7 {[%emt 0:00:02]} 5. Bg2 {[%emt 0:00:04]} O-O {[%emt 0:00:07]} 6. Nc3 {[%emt 0:00:52]} b6 {[%emt 0:02:22]} 7. O-O {[%emt 0:03:34]} Bb7 {[%emt 0:00:25]} 8. cxd5 {[%emt 0:02:59]} exd5 {[%emt 0:00:15]} 9. Ne5 {[%emt 0:01:35]} Re8 {[%emt 0:03:53]} 10. Qb3 {[%emt 0:03:21]} Na6 {[%emt 0:10:34]} 11. e4 {[%emt 0:07:55]} c6 {[%emt 0:03:01]} 12. exd5 {[%emt 0:12:16]} cxd5 {[%emt 0:00:34]} 13. Nb5 {[%emt 0:07:48]} Nd7 {[%emt 0:22:50]} 14. Nd3 {[%emt 0:05:20]} Nf6 {[%emt 0:09:50]} 15. Bf4 {[%emt 0:00:30]} Qd7 {[%emt 0:06:10]} 16. Rfe1 {[%emt 0:06:22]} h6 {[%emt 0:06:36]} 17. Ne5 {[%emt 0:01:44]} Qf5 {[%emt 0:01:26]} 18. Bf1 {[%emt 0:00:37]} Bb4 {[%emt 0:02:19]} 19. Rec1 {[%emt 0:00:53]} Bf8 {[%emt 0:01:21]} 20. a3 {[%emt 0:08:09]} g5 {[%emt 0:06:10]} 21. Be3 {[%emt 0:00:58]} Qe6 {[%emt 0:06:44]} 22. Qa4 {[%emt 0:04:38]} Rec8 {[%emt 0:07:49]} 23. Rxc8 {[%emt 0:03:50]} Qxc8 {[%emt 0:00:03]} 24. Rc1 {[%emt 0:00:28]} Qe8 {[%emt 0:00:37]} 25. Bh3 {[%emt 0:01:40]} Ne4 {[%emt 0:03:12]} 26. Qb3 {[%emt 0:04:48]} Nd6 {[%emt 0:00:20]} 27. Bd7 {[%emt 0:01:31]} Qd8 {[%emt 0:01:52]} 28. Bc6 {[%emt 0:00:59]} Bxc6 {[%emt 0:03:43]} 29. Nxc6 {[%emt 0:00:07]} Qf6 {[%emt 0:00:24]} 30. Qxd5 {[%emt 0:02:25]} Nxb5 {[%emt 0:00:01]} 31. Qxb5 {[%emt 0:00:16]} Nc7 {[%emt 0:00:09]} 32. Qc4 {[%emt 0:01:19]} Bd6 33. Ne5 {[%emt 0:00:56]} Qe6 {[%emt 0:01:35]} 34. Qxe6 {[%emt 0:01:13]} Nxe6 {[%emt 0:00:22]} 35. Nc4 {[%emt 0:01:55]} Bf8 {[%emt 0:01:18]} 36. d5 {[%emt 0:01:20]} Ng7 {[%emt 0:00:02]} 37. g4 {[%emt 0:00:18]} Rd8 {[%emt 0:00:09]} 38. Rd1 {[%emt 0:00:22]} Ne8 {[%emt 0:00:14]} 39. f3 {[%emt 0:00:30]} Nf6 {[%emt 0:00:59]} 40. d6 {[%emt 0:00:02]} b5 {[%emt 0:01:10]} 41. Na5 {[%emt 0:00:21]} Bxd6 {[%emt 0:00:15]} 42. Kg2 {[%emt 0:00:57]} Bc7 {[%emt 0:00:47]} 43. Rxd8+ {[%emt 0:00:07]} Bxd8 {[%emt 0:00:01]} 44. Nc6 {[%emt 0:00:11]} Bb6 {[%emt 0:00:47]} 45. Bxb6 {[%emt 0:01:09]} axb6 {[%emt 0:00:01]} 46. Nd4 {[%emt 0:00:17]} Nd5 {[%emt 0:00:01]} 47. Nxb5 {[%emt 0:00:16]} Ne3+ {[%emt 0:00:07]} 48. Kg3 {[%emt 0:00:45]} Kf8 {[%emt 0:00:41]} 49. Nd6 {[%emt 0:00:23]} Nd1 {[%emt 0:02:10]} 50. b3 {[%emt 0:01:14]} Kg7 {[%emt 0:00:20]} 51. a4 {[%emt 0:01:52]} Nc3 {[%emt 0:00:39]} 52. h4 {[%emt 0:00:30]} gxh4+ {[%emt 0:00:58]} 53. Kxh4 {[%emt 0:00:06]} Ne2 {[%emt 0:00:16]} 54. b4 {[%emt 0:00:33]} Kf6 {[%emt 0:00:44]} 55. a5 {[%emt 0:00:12]} bxa5 {[%emt 0:00:00]} 56. bxa5 {[%emt 0:00:03]} Nd4 {[%emt 0:00:32]} 57. a6 {[%emt 0:01:17]} Ne6 {[%emt 0:00:51]} 58. a7 {[%emt 0:01:07]} 1-0

[Event "84th ESP-ch 2019"]
[Site "Marbella"]
[Date "2019.11.23"]
[Round "8.14"]
[White "Alvarez Fernandez, Enrique"]
[Black "Ladron De Guevara Pinto, Paolo"]
[Result "1/2-1/2"]
[WhiteElo "2349"]
[BlackElo "2442"]
[Annotator "TA"]
[PlyCount "129"]
[EventDate "2019.11.16"]
[EventType "swiss"]
[EventCountry "ESP"]
[SourceTitle "playchess.com"]
[Source "ChessBase"]
[SourceQuality "1"]

{[%evp 9,129,82,80,89,82,89,100,96,106,93,95,85,118,117,152,136,180,173,278,278,270,245,248,177,217,206,226,208,275,268,362,218,318,308,314,316,293,312,316,7,33,51,0,-200,-183,-210,0,-219,-211,-294,-191,-218,-36,-282,-288,-288,-298,-285,-298,-285,-16,-14,-14,0,-13,-159,-144,-394,-404,-458,-457,-454,-461,-475,-475,-572,-555,-561,-539,-1054,-1037,-1010,-685,-5381,-1579,-29990,-29991,-29991,-29992,-29992,-5081,-467,-442,-337,-53,-53,-8,-50,-8,-47,-8,-8,-8,-8,-8,-8,-8,-8,0,0,0,0,0,0,0,-72,-72,-72,-72,-70,0,0]} 1. d4 c5 2. d5 e5 3. Nc3 d6 4. e4 g6 5. Bb5+ Bd7 6. a4 {[%cal Ba2a4,Ba4a5][%mdl 32] A44: Semi-Benoni} Bg7 7. Nf3 Ne7 8. h4 {White is better.} a6 9. Bxd7+ $146 ({Predecessor:} 9. Be2 Bg4 10. Nd2 Bxe2 11. Qxe2 Nd7 12. h5 Qc7 13. a5 Bh6 {1-0 (42) Shariyazdanov,A (2565)-Barnaure,V (2317) Oberwart 2003}) 9... Nxd7 10. a5 Nf6 11. Nd2 O-O 12. Nc4 Ne8 13. h5 f5 (13... Nc8 {is a better defense.} 14. Qf3 Bf6) 14. hxg6 $18 hxg6 15. Qe2 Nc8 16. Na4 Nf6 17. Bg5 Qe8 18. Nc3 Nd7 19. Qd3 Rf7 20. g4 f4 (20... fxg4 {keeps fighting.} 21. Qg3 Nf6) 21. Qh3 Nf8 22. Ra3 Rb8 23. Rb3 Qd7 24. Qh4 $2 ({Better is} 24. Kd2 $18) 24... Bf6 $1 $11 25. Bxf6 {[%csl Gf6,Gh1][%cal Rh4h8]} Rh7 26. Qg5 $2 (26. g5 $11 {and White has nothing to worry.}) 26... Rxh1+ $19 27. Kd2 Qf7 $2 {[#]} (27... b5 $19 28. axb6 Qh7 29. Nxe5 Qh2 $1 {[%mdl 512]}) 28. Bxe5 $2 (28. Nxe5 $1 $11 {[%mdl 512]} dxe5 29. Bxe5) 28... dxe5 29. Nxe5 Qe7 30. Qxf4 {With the idea Nc6!} Ra8 $2 (30... Nd6 $19 31. Nc6 {[%mdl 64] Double Attack} Qh4) 31. g5 $2 (31. Nc4 $1 $15) 31... Nd6 32. Ng4 Nd7 {Hoping for ...Rf8.} 33. Nf6+ Nxf6 34. gxf6 Qe5 $2 (34... Nc4+ $19 35. Kd3 Qe5 36. Qxe5 Nxe5+ 37. Ke2 Rb8) 35. Qxe5 $11 Nc4+ {[%mdl 64] Double Attack} 36. Ke2 Nxe5 37. f4 (37. Rxb7 $11 {was the only way to keep the balance.} Rh2 38. Na4) 37... Rh2+ $17 38. Kf1 $2 (38. Kd1 $17 {might work better.} Ng4 39. Rxb7) 38... Ng4 $19 39. Rxb7 Rf2+ 40. Ke1 Rxf4 41. Rg7+ Kf8 42. Rxg6 Kf7 43. Rg7+ Kxf6 44. Rc7 Rh8 45. Rc6+ Ke5 46. Re6+ Kd4 {( -> ...Rf2)} 47. Kd2 Rh2+ 48. Ne2+ {[#]} Rxe2+ $1 49. Kxe2 Rxe4+ {[%mdl 4096] Endgame KRN-KR} (49... Rf2+ $142 50. Ke1 Ke3 51. Rh6 Re2+ 52. Kf1 Nxh6 53. Kg1 Ng4 54. c4 Nh2 55. Kh1 Nf3 56. d6 Rh2#) 50. Kd2 Ne5 51. b3 {[#]} Kxd5 $2 (51... c4 $1 $19 {[%cal Rc4c3] aiming for ...c3+.} 52. Kd1 c3) 52. Rxa6 $15 Nf3+ 53. Kc1 Nd4 54. Rb6 Re1+ (54... c4 $5 {[%cal Rc4c3]} 55. Kb2 Re2 56. bxc4+ Kc5 $15) 55. Kb2 Re8 56. a6 Nc6 57. Ka3 Re1 58. Kb2 Kd6 59. c3 Re8 60. b4 cxb4 61. cxb4 Kd5 62. b5 (62. Rb5+ $11 {keeps the balance.} Kd4 63. Kb3) 62... Nd4 $17 63. a7 {Threatens to win with Rb8.} Ra8 64. Rb7 Nxb5 (64... Kc5 $1 $15) 65. Rxb5+ {Accuracy: White = 42%, Black = 44%.} 1/2-1/2

[Event "84th ESP-ch 2019"]
[Site "Marbella"]
[Date "2019.11.23"]
[Round "8.15"]
[White "Valmana Canto, Jaime"]
[Black "Kolotilina, Liudmila"]
[Result "1-0"]
[WhiteElo "2416"]
[BlackElo "2242"]
[Annotator "ChessBase"]
[PlyCount "75"]
[EventDate "2019.11.16"]
[EventType "swiss"]
[EventCountry "ESP"]
[SourceTitle "playchess.com"]
[Source "ChessBase"]
[SourceQuality "1"]
[TimeControl "5400+30"]

1. c4 {[%emt 0:00:00]} c6 {[%emt 0:00:00]} 2. Nf3 {[%emt 0:02:41]} Nf6 {[%emt 0:00:00]} 3. g3 {[%emt 0:00:26]} d5 {[%emt 0:00:17]} 4. Bg2 {[%emt 0:01:54]} dxc4 {[%emt 0:00:11]} 5. a4 {[%emt 0:00:52]} Na6 {[%emt 0:00:46]} 6. Na3 {[%emt 0:02:15]} Qd5 7. O-O e5 {[%emt 0:02:49]} 8. e4 {[%emt 0:19:42]} Nxe4 {[%emt 0:07:49]} 9. Qe2 {[%emt 0:01:32]} Qd3 {[%emt 0:07:05]} 10. Re1 {[%emt 0:00:13]} Qxe2 {[%emt 0:07:11]} 11. Rxe2 {[%emt 0:00:09]} Nd6 {[%emt 0:00:11]} 12. Nxe5 {[%emt 0:00:55]} Kd8 {[%emt 0:08:54]} 13. Naxc4 {[%emt 0:03:13]} Be6 {[%emt 0:03:10]} 14. d3 {[%emt 0:20:07]} Nc5 15. Bf4 {[%emt 0:00:12]} Nb3 {[%emt 0:18:46]} 16. Rae1 {[%emt 0:00:07]} Nd4 {[%emt 0:00:48]} 17. Rd2 N6f5 18. g4 {[%emt 0:05:03]} Nh4 {[%emt 0:06:28]} 19. Bg5+ {[%emt 0:00:12]} Be7 {[%emt 0:00:03]} 20. Nxf7+ {[%emt 0:00:18]} Kc7 {[%emt 0:03:18]} 21. Bf4+ {[%emt 0:07:00]} Kc8 {[%emt 0:03:17]} 22. Nxh8 {[%emt 0:00:33]} Nhf3+ {[%emt 0:00:54]} 23. Bxf3 {[%emt 0:01:09]} Nxf3+ {[%emt 0:00:01]} 24. Kf1 {[%emt 0:00:14]} Nxe1 {[%emt 0:00:30]} 25. Kxe1 {[%emt 0:01:27]} Bb4 {[%emt 0:00:42]} 26. Ne5 {[%emt 0:00:10]} Kc7 {[%emt 0:04:38]} 27. Nhf7 {[%emt 0:02:53]} Kb6 28. Ng5 {[%emt 0:01:25]} Bg8 {[%emt 0:08:39]} 29. Ne4 {[%emt 0:01:00]} Bxd2+ {[%emt 0:00:20]} 30. Kxd2 {[%emt 0:00:16]} Rd8 {[%emt 0:01:34]} 31. b4 {[%emt 0:01:24]} Bd5 {[%emt 0:02:22]} 32. Kc3 {[%emt 0:04:58]} a6 {[%emt 0:00:24]} 33. Nc4+ {[%emt 0:00:51]} Ka7 {[%emt 0:00:38]} 34. a5 {[%emt 0:00:15]} Be6 {[%emt 0:02:11]} 35. h3 {[%emt 0:00:47]} Rf8 {[%emt 0:00:20]} 36. Be3+ {[%emt 0:00:26]} Kb8 {[%emt 0:00:14]} 37. Nc5 {[%emt 0:01:15]} Bc8 {[%emt 0:00:01]} 38. Bd4 {[%emt 0:02:26]} 1-0

[Event "84th ESP-ch 2019"]
[Site "Marbella"]
[Date "2019.11.23"]
[Round "8.16"]
[White "Rahal, Michael A"]
[Black "Garza Marco, Sergio"]
[Result "0-1"]
[WhiteElo "2309"]
[BlackElo "2400"]
[Annotator "ChessBase"]
[PlyCount "70"]
[EventDate "2019.11.16"]
[EventType "swiss"]
[EventCountry "ESP"]
[SourceTitle "playchess.com"]
[Source "ChessBase"]
[SourceQuality "1"]
[TimeControl "5400+30"]

1. e4 {[%emt 0:00:09]} e6 {[%emt 0:00:00]} 2. d4 {[%emt 0:00:30]} d5 {[%emt 0:00:00]} 3. Nd2 {[%emt 0:01:06]} Be7 {[%emt 0:00:00]} 4. exd5 {[%emt 0:06:43]} exd5 {[%emt 0:00:00]} 5. Bd3 {[%emt 0:00:08]} Nf6 {[%emt 0:00:31]} 6. h3 {[%emt 0:00:55]} O-O {[%emt 0:01:20]} 7. Ne2 {[%emt 0:01:37]} b6 {[%emt 0:03:49]} 8. O-O {[%emt 0:02:17]} c5 {[%emt 0:05:47]} 9. dxc5 {[%emt 0:06:52]} bxc5 {[%emt 0:00:09]} 10. Ng3 {[%emt 0:00:46]} Re8 {[%emt 0:06:52]} 11. Nf3 {[%emt 0:04:54]} Nc6 {[%emt 0:02:48]} 12. c3 {[%emt 0:01:08]} Rb8 {[%emt 0:00:49]} 13. b3 {[%emt 0:05:19]} Bf8 {[%emt 0:02:03]} 14. Bf4 {[%emt 0:01:44]} Rb7 {[%emt 0:00:30]} 15. Qc2 {[%emt 0:05:35]} g6 {[%emt 0:01:46]} 16. Rfe1 {[%emt 0:01:23]} Rbe7 {[%emt 0:02:31]} 17. Rxe7 {[%emt 0:00:18]} Rxe7 {[%emt 0:00:24]} 18. Bg5 {[%emt 0:01:53]} Bg7 {[%emt 0:01:03]} 19. Qd2 {[%emt 0:03:20]} Qa5 {[%emt 0:05:50]} 20. Rc1 {[%emt 0:04:33]} Bb7 {[%emt 0:06:18]} 21. c4 {[%emt 0:07:44]} Qxd2 {[%emt 0:00:50]} 22. Bxd2 {[%emt 0:05:49]} d4 {[%emt 0:04:50]} 23. Re1 {[%emt 0:01:44]} Rxe1+ {[%emt 0:02:54]} 24. Bxe1 {[%emt 0:02:33]} Nd8 {[%emt 0:04:12]} 25. Ng5 {[%emt 0:04:18]} Bf8 {[%emt 0:02:31]} 26. N5e4 {[%emt 0:03:31]} Nd7 {[%emt 0:00:27]} 27. f4 {[%emt 0:03:37]} f5 {[%emt 0:00:28]} 28. Nf2 {[%emt 0:03:34]} Nf6 {[%emt 0:00:40]} 29. Ne2 {[%emt 0:00:40]} Ne4 {[%emt 0:00:52]} 30. b4 {[%emt 0:01:36]} cxb4 {[%emt 0:01:37]} 31. Bxe4 {[%emt 0:01:16]} fxe4 {[%emt 0:00:09]} 32. Nxd4 {[%emt 0:00:31]} a5 {[%emt 0:00:52]} 33. Nd1 {[%emt 0:01:41]} a4 {[%emt 0:00:55]} 34. Nb2 {[%emt 0:01:27]} Bg7 {[%emt 0:00:37]} 35. Bf2 {[%emt 0:00:30]} Nc6 {[%emt 0:00:56]} 0-1

[Event "84th ESP-ch 2019"]
[Site "Marbella"]
[Date "2019.11.23"]
[Round "8.17"]
[White "Merario Alarcon, Andres"]
[Black "Perera Borrego, Maria Adela"]
[Result "1-0"]
[WhiteElo "2394"]
[BlackElo "2201"]
[Annotator "ChessBase"]
[PlyCount "91"]
[EventDate "2019.11.16"]
[EventType "swiss"]
[EventCountry "ESP"]
[SourceTitle "playchess.com"]
[Source "ChessBase"]
[SourceQuality "1"]
[TimeControl "5400+30"]

1. d4 {[%emt 0:00:00]} Nf6 {[%emt 0:00:00]} 2. c4 {[%emt 0:00:00]} e6 {[%emt 0:00:03]} 3. Nc3 {[%emt 0:00:00]} Bb4 {[%emt 0:00:09]} 4. Qc2 {[%emt 0:00:12]} O-O {[%emt 0:00:24]} 5. e4 {[%emt 0:00:31]} d6 {[%emt 0:00:25]} 6. a3 {[%emt 0:00:14]} Bxc3+ {[%emt 0:00:19]} 7. bxc3 {[%emt 0:00:07]} e5 {[%emt 0:00:44]} 8. Bd3 {[%emt 0:00:09]} Nc6 {[%emt 0:00:34]} 9. Ne2 {[%emt 0:00:35]} Nd7 {[%emt 0:01:36]} 10. O-O {[%emt 0:00:35]} b6 {[%emt 0:00:24]} 11. f4 {[%emt 0:06:18]} Ba6 {[%emt 0:01:44]} 12. Ng3 {[%emt 0:07:53]} Na5 {[%emt 0:02:52]} 13. fxe5 {[%emt 0:02:02]} dxe5 {[%emt 0:01:16]} 14. Nf5 {[%emt 0:00:32]} Bxc4 {[%emt 0:03:37]} 15. Bxc4 {[%emt 0:00:12]} Nxc4 {[%emt 0:00:06]} 16. Bh6 {[%emt 0:00:11]} Nd6 {[%emt 0:26:08]} 17. Bxg7 {[%emt 0:15:26]} Re8 {[%emt 0:26:34]} 18. Bh6 {[%emt 0:02:45]} Re6 {[%emt 0:03:03]} 19. d5 {[%emt 0:09:39]} Rg6 {[%emt 0:00:37]} 20. Bd2 {[%emt 0:01:53]} Nc5 {[%emt 0:02:25]} 21. Rae1 {[%emt 0:00:40]} Qd7 {[%emt 0:01:09]} 22. Rf3 {[%emt 0:07:00]} Rf8 {[%emt 0:09:44]} 23. c4 {[%emt 0:03:35]} a5 {[%emt 0:00:53]} 24. h3 {[%emt 0:08:23]} Kh8 {[%emt 0:03:54]} 25. Nh4 {[%emt 0:04:26]} Rgg8 {[%emt 0:00:39]} 26. Be3 {[%emt 0:08:20]} f6 {[%emt 0:05:01]} 27. Bxc5 {[%emt 0:00:47]} bxc5 {[%emt 0:00:01]} 28. Ref1 {[%emt 0:00:41]} Rf7 {[%emt 0:05:11]} 29. Kh2 {[%emt 0:04:37]} Rgf8 {[%emt 0:01:14]} 30. g4 {[%emt 0:01:06]} Qc8 {[%emt 0:01:34]} 31. Nf5 {[%emt 0:00:57]} Ne8 {[%emt 0:01:55]} 32. Qc3 {[%emt 0:03:09]} Qa6 {[%emt 0:00:12]} 33. g5 {[%emt 0:03:30]} fxg5 {[%emt 0:00:39]} 34. Qxe5+ {[%emt 0:01:05]} Qf6 {[%emt 0:01:03]} 35. Qg3 {[%emt 0:02:40]} Qg6 {[%emt 0:00:46]} 36. Qf2 {[%emt 0:01:55]} Nd6 {[%emt 0:00:16]} 37. Qb2+ {[%emt 0:00:57]} Qf6 {[%emt 0:00:40]} 38. e5 {[%emt 0:01:52]} Nxc4 {[%emt 0:00:02]} 39. exf6 {[%emt 0:00:03]} Nxb2 {[%emt 0:00:03]} 40. Nh6 {[%emt 0:00:15]} Rd7 {[%emt 0:00:27]} 41. Rf5 {[%emt 0:01:15]} Nc4 {[%emt 0:01:34]} 42. Rxg5 {[%emt 0:00:14]} Nd2 {[%emt 0:00:11]} 43. Rf4 {[%emt 0:00:30]} c4 {[%emt 0:00:04]} 44. Kg2 {[%emt 0:00:57]} Rdd8 {[%emt 0:01:02]} 45. Kh1 {[%emt 0:00:27]} c3 {[%emt 0:00:23]} 46. Rg8+ {[%emt 0:00:07]} 1-0

[Event "84th ESP-ch 2019"]
[Site "Marbella"]
[Date "2019.11.23"]
[Round "8.18"]
[White "Hernando Rodrigo, Julio Antonio"]
[Black "Suarez Uriel, Adrian"]
[Result "1/2-1/2"]
[WhiteElo "2271"]
[BlackElo "2389"]
[Annotator "ChessBase"]
[PlyCount "128"]
[EventDate "2019.11.16"]
[EventType "swiss"]
[EventCountry "ESP"]
[SourceTitle "playchess.com"]
[Source "ChessBase"]
[SourceQuality "1"]
[TimeControl "5400+30"]

1. d4 {[%emt 0:00:00]} Nf6 {[%emt 0:00:00]} 2. c4 {[%emt 0:00:00]} g6 {[%emt 0:00:00]} 3. Nc3 {[%emt 0:00:00]} d5 {[%emt 0:00:00]} 4. cxd5 {[%emt 0:00:10]} Nxd5 {[%emt 0:00:00]} 5. e4 {[%emt 0:00:04]} Nxc3 {[%emt 0:00:02]} 6. bxc3 {[%emt 0:00:05]} Bg7 {[%emt 0:00:06]} 7. Nf3 {[%emt 0:00:08]} c5 {[%emt 0:00:06]} 8. Rb1 {[%emt 0:00:09]} O-O {[%emt 0:00:09]} 9. Be2 {[%emt 0:00:06]} Nc6 {[%emt 0:00:06]} 10. d5 {[%emt 0:00:14]} Ne5 {[%emt 0:00:03]} 11. Nxe5 {[%emt 0:00:13]} Bxe5 {[%emt 0:00:04]} 12. Qd2 {[%emt 0:00:09]} e6 {[%emt 0:00:03]} 13. f4 {[%emt 0:00:28]} Bc7 {[%emt 0:00:04]} 14. O-O {[%emt 0:00:18]} exd5 {[%emt 0:00:05]} 15. exd5 {[%emt 0:00:06]} Ba5 {[%emt 0:00:02]} 16. d6 {[%emt 0:00:27]} b6 {[%emt 0:06:48]} 17. Bf3 {[%emt 0:06:00]} Bf5 {[%emt 0:07:46]} 18. Bb2 {[%emt 0:10:42]} Rc8 {[%emt 0:20:42]} 19. Rbe1 {[%emt 0:08:11]} Qf6 {[%emt 0:02:37]} 20. g4 {[%emt 0:03:56]} Be6 {[%emt 0:01:08]} 21. f5 {[%emt 0:06:43]} gxf5 {[%emt 0:04:16]} 22. gxf5 {[%emt 0:01:25]} Bc4 {[%emt 0:00:33]} 23. Re4 {[%emt 0:05:15]} b5 {[%emt 0:03:14]} 24. Be2 {[%emt 0:00:50]} Kh8 {[%emt 0:06:40]} 25. Bxc4 {[%emt 0:01:26]} Rg8+ {[%emt 0:00:36]} 26. Kh1 {[%emt 0:00:15]} bxc4 {[%emt 0:00:04]} 27. Rxc4 {[%emt 0:13:35]} Rcd8 {[%emt 0:01:52]} 28. Rxc5 {[%emt 0:01:00]} Rxd6 {[%emt 0:00:03]} 29. Rd5 {[%emt 0:17:57]} Rb6 {[%emt 0:16:49]} 30. Ba1 {[%emt 0:02:41]} Qc6 {[%emt 0:08:42]} 31. c4+ {[%emt 0:00:14]} f6 {[%emt 0:00:01]} 32. Qd4 {[%emt 0:15:47]} Bb4 {[%emt 0:01:10]} 33. c5 {[%emt 0:05:14]} Ra6 {[%emt 0:00:10]} 34. Rd1 {[%emt 0:00:10]} Ba5 {[%emt 0:00:39]} 35. Qe4 {[%emt 0:01:37]} Bc7 {[%emt 0:04:40]} 36. Rg1 {[%emt 0:00:26]} Rxg1+ {[%emt 0:03:09]} 37. Kxg1 {[%emt 0:00:02]} Qa8 {[%emt 0:00:27]} 38. Qd3 {[%emt 0:01:45]} Qg8+ {[%emt 0:01:15]} 39. Kf1 {[%emt 0:00:34]} Rc6 {[%emt 0:00:06]} 40. Rd6 {[%emt 0:00:21]} Rxd6 {[%emt 0:00:55]} 41. cxd6 {[%emt 0:00:03]} Bd8 {[%emt 0:00:05]} 42. Qe2 {[%emt 0:00:32]} Qd5 {[%emt 0:03:49]} 43. Qe8+ {[%emt 0:00:36]} Kg7 {[%emt 0:00:02]} 44. Qxd8 {[%emt 0:00:08]} Qf3+ {[%emt 0:02:22]} 45. Ke1 {[%emt 0:00:01]} Qe3+ {[%emt 0:00:03]} 46. Kd1 {[%emt 0:00:06]} Qd3+ {[%emt 0:00:02]} 47. Kc1 {[%emt 0:00:05]} Qc4+ {[%emt 0:00:12]} 48. Kd2 {[%emt 0:00:47]} Qxa2+ {[%emt 0:00:06]} 49. Kd3 {[%emt 0:00:10]} Qa6+ {[%emt 0:01:44]} 50. Ke4 {[%emt 0:00:46]} Qe2+ {[%emt 0:03:29]} 51. Kd5 {[%emt 0:00:23]} Qb5+ {[%emt 0:00:37]} 52. Ke6 {[%emt 0:01:00]} Qc4+ {[%emt 0:00:06]} 53. Kd7 {[%emt 0:00:12]} Qb5+ {[%emt 0:00:03]} 54. Kc8 {[%emt 0:01:06]} Qa6+ {[%emt 0:00:03]} 55. Kb8 {[%emt 0:00:17]} Qb5+ {[%emt 0:00:15]} 56. Kxa7 {[%emt 0:01:10]} Qa4+ {[%emt 0:00:03]} 57. Kb7 {[%emt 0:00:32]} Qe4+ {[%emt 0:00:03]} 58. Kb6 {[%emt 0:01:36]} Qb4+ {[%emt 0:00:10]} 59. Ka6 {[%emt 0:00:16]} Qc4+ {[%emt 0:00:13]} 60. Kb7 {[%emt 0:00:11]} Qe4+ {[%emt 0:00:10]} 61. Kc8 {[%emt 0:01:01]} Qa8+ {[%emt 0:00:11]} 62. Kc7 {[%emt 0:00:06]} Qa5+ {[%emt 0:00:44]} 63. Kd7 {[%emt 0:00:10]} Qa4+ {[%emt 0:00:31]} 64. Kc8 {[%emt 0:00:59]} Qa8+ {[%emt 0:00:04]} 1/2-1/2

[Event "84th ESP-ch 2019"]
[Site "Marbella"]
[Date "2019.11.23"]
[Round "8.19"]
[White "Vega Gutierrez, Sabrina"]
[Black "Garcia Romero, Benjamin Abel"]
[Result "1-0"]
[WhiteElo "2374"]
[BlackElo "2234"]
[Annotator "RC"]
[PlyCount "123"]
[EventDate "2019.11.16"]
[EventType "swiss"]
[EventCountry "ESP"]
[SourceTitle "playchess.com"]
[Source "ChessBase"]
[SourceQuality "1"]
[TimeControl "5400+30"]

1. e4 {[%emt 0:00:00]} e5 {[%emt 0:02:15]} 2. Nf3 {[%emt 0:00:00]} Nc6 {[%emt 0:00:20]} 3. d4 {[%emt 0:00:47]} exd4 {[%emt 0:00:40]} 4. Nxd4 {[%emt 0:00:09]} Nf6 {[%emt 0:01:10]} 5. Nxc6 {[%emt 0:00:23]} bxc6 {[%emt 0:00:22]} 6. Qe2 {[%emt 0:00:18]} Bb4+ {[%emt 0:04:48]} 7. c3 {[%emt 0:00:18]} Bc5 {[%emt 0:02:44]} 8. e5 {[%emt 0:00:20]} Nd5 {[%emt 0:00:58]} 9. Qg4 {[%emt 0:12:38]} g6 {[%emt 0:02:11]} 10. Bg5 {[%emt 0:00:26]} h5 {[%emt 0:01:42]} 11. Qh4 {[%emt 0:00:47]} Be7 {[%emt 0:00:12]} 12. Bxe7 {[%emt 0:01:00]} Qxe7 {[%emt 0:00:18]} 13. Qxe7+ {[%emt 0:01:54]} Kxe7 {[%emt 0:00:40]} 14. Nd2 {[%emt 0:00:49]} d6 {[%emt 0:13:24]} 15. exd6+ {[%emt 0:01:37]} cxd6 {[%emt 0:00:09]} 16. O-O-O {[%emt 0:01:08]} Be6 {[%emt 0:05:23]} 17. Ne4 {[%emt 0:10:28]} Rhd8 {[%emt 0:10:50]} 18. Ng5 {[%emt 0:07:00]} Nc7 {[%emt 0:06:08]} 19. Nxe6 {[%emt 0:04:11]} Nxe6 {[%emt 0:00:22]} 20. h4 {[%emt 0:06:32]} a5 {[%emt 0:01:05]} 21. Rh3 {[%emt 0:01:14]} d5 {[%emt 0:03:46]} 22. Re3 {[%emt 0:07:23]} Kd6 {[%emt 0:10:31]} 23. g3 {[%emt 0:03:12]} Re8 {[%emt 0:03:37]} 24. Bh3 {[%emt 0:01:22]} Nc5 {[%emt 0:02:50]} 25. Rf3 {[%emt 0:02:58]} f5 {[%emt 0:09:31]} 26. c4 {[%emt 0:00:46]} a4 {[%emt 0:02:31]} 27. Bg2 {[%emt 0:01:57]} Ne4 {[%emt 0:01:33]} 28. cxd5 {[%emt 0:03:13]} cxd5 {[%emt 0:00:45]} 29. Rfd3 {[%emt 0:00:23]} Rec8+ {[%emt 0:00:24]} 30. Kb1 {[%emt 0:00:12]} Ra5 {[%emt 0:01:47]} 31. Rd4 {[%emt 0:09:57]} Nf6 {[%emt 0:06:56]} 32. a3 {[%emt 0:01:31]} Re8 {[%emt 0:01:38]} 33. Bf3 {[%emt 0:01:46]} Ne4 {[%emt 0:00:32]} 34. Bxe4 {[%emt 0:10:16]} Rxe4 {[%emt 0:00:33]} 35. f3 {[%emt 0:00:56]} Re3 {[%emt 0:00:42]} 36. Rb4 {[%emt 0:03:20]} Ra6 {[%emt 0:01:26]} 37. Rb5 {[%emt 0:01:20]} Rxf3 {[%emt 0:00:15]} 38. Rbxd5+ {[%emt 0:00:19]} Ke6 {[%emt 0:00:31]} 39. R5d3 {[%emt 0:00:21]} Rxd3 {[%emt 0:02:03]} 40. Rxd3 {[%emt 0:00:03]} Ke5 {[%emt 0:01:26]} 41. Re3+ {[%emt 0:00:10]} Kd4 {[%emt 0:00:07]} 42. Rf3 {[%emt 0:00:43]} Re6 {[%emt 0:00:27]} 43. b3 {[%emt 0:03:13]} axb3 {[%emt 0:01:13]} 44. Kb2 {[%emt 0:01:03]} Ra6 {[%emt 0:00:38]} 45. Rf4+ {[%emt 0:02:42]} Ke5 {[%emt 0:00:30]} 46. a4 {[%emt 0:00:22]} Ra7 {[%emt 0:00:34]} 47. Rb4 {[%emt 0:00:37]} Ra6 {[%emt 0:00:22]} 48. Kxb3 {[%emt 0:00:54]} Kd5 {[%emt 0:00:08]} 49. Ka3 {[%emt 0:00:49]} Ke5 {[%emt 0:00:18]} 50. Rb5+ {[%emt 0:00:11]} Ke4 {[%emt 0:00:07]} 51. a5 {[%emt 0:00:14]} f4 {[%emt 0:01:14]} 52. gxf4 {[%emt 0:00:04]} Kxf4 {[%emt 0:00:07]} 53. Rg5 {[%emt 0:01:09]} Re6 {[%emt 0:00:44]} 54. Kb4 {[%emt 0:00:19]} Re1 {[%emt 0:00:53]} 55. a6 {[%emt 0:00:23]} Rb1+ {[%emt 0:00:17]} 56. Kc5 {[%emt 0:00:19]} Ra1 {[%emt 0:00:52]} 57. Kb6 {[%emt 0:00:09]} Rb1+ {[%emt 0:00:10]} 58. Rb5 {[%emt 0:01:15]} Rd1 {[%emt 0:00:45]} 59. a7 {[%emt 0:00:29]} Rd6+ {[%emt 0:00:09]} 60. Ka5 {[%emt 0:00:33]} Rd8 {[%emt 0:00:16]} 61. Rb8 {[%emt 0:00:15]} Rd5+ {[%emt 0:00:16]} 62. Kb4 {[%emt 0:00:30]} 1-0